El proceso de investigación de tesis : un enfoque contextual /
La obra pretende apoyar a los estudiantes en la realización de las investigaciones de tesis en la Universidad Iberoamerica. El planteamiento del autor no pretende enmarcarse en una corriente metodológica exclusiva, pero sí en una posición epistemológica específica. Su propuesta es que se debe aprove...
Salvato in:
| Autore principale: | |
|---|---|
| Natura: | Libro |
| Lingua: | spagnolo |
| Pubblicazione: |
Puebla, México :
Universidad Iberoamericana, Plantel Golfo-Centro,
2003, c2003
|
| Serie: | (Cuadernos Académicos de Trabajo ;
2) |
| Soggetti: | |
| Tags: |
Nessun Tag, puoi essere il primo ad aggiungerne!!
|
MARC
| LEADER | 00000nam^a2200000^a^4500 | ||
|---|---|---|---|
| 001 | 000156956 | ||
| 005 | 20250521000000.0 | ||
| 009 | 20260310100521.825 | ||
| 020 | |a 968-7507-81-0 | ||
| 037 | |a Acervo ITESO - Biblioteca | ||
| 041 | |a ESP | ||
| 082 | |a 001. 42 |b SAN | ||
| 100 | |a Sánchez Aviña, José Guadalupe |e (autor) | ||
| 245 | 1 | 3 | |a El proceso de investigación de tesis : |b un enfoque contextual / |c J.G. Sánchez Aviña. |
| 264 | 4 | |a Puebla, México : |b Universidad Iberoamericana, Plantel Golfo-Centro, |c 2003, c2003 | |
| 300 | |a 117 p. | ||
| 336 | |a texto |b txt |2 rdacontenido | ||
| 337 | |a sin mediación |b n |2 rdamedio | ||
| 338 | |a volumen |b nc |2 rdasoporte | ||
| 440 | 1 | |a (Cuadernos Académicos de Trabajo ; |v 2) | |
| 520 | |a La obra pretende apoyar a los estudiantes en la realización de las investigaciones de tesis en la Universidad Iberoamerica. El planteamiento del autor no pretende enmarcarse en una corriente metodológica exclusiva, pero sí en una posición epistemológica específica. Su propuesta es que se debe aprovechar las cualidades naturales del ser humano hacia la investigación, contrarrestando el estado de adormecimiento crónico de nuestra vocación heurística. | ||
| 649 | |a XX | ||
| 650 | |a Observación | ||
| 650 | |a Hipótesis | ||
| 650 | |a Encuesta | ||
| 650 | |a Estadística | ||
| 650 | |a Entrevista | ||
| 650 | |a Metodología | ||
| 650 | |a Tesis | ||
| 650 | |a Titulación | ||
| 650 | |a Eficiencia Terminal | ||
| 650 | |a Proceso Educativo | ||
| 650 | |a Educación Superior - |z México | ||
| 650 | |a Investigación - |x Teoría | ||
| 910 | |a Fondo General | ||
| 920 | |a Impresos - Libros | ||
| 930 | |a Colección General | ||
| 905 | |a 101 | ||
| 901 | |a 0500084045 |b IT1 |c ACC |u 20250521 | ||
| 901 | |a 0500084034 |b IT1 |c ACC |u 20250521 | ||
| 902 | |a https://opac.biblio.iteso.mx/vufind/Record/000156956 | ||